LDR 01019naa#a2200193#i#450# 001 RU\\bibl\121902 005 20260607144122.7 011 ## _a2687-0185 100 ## _a20260319b2026####ek#y0rusy0150####ca 102 ## _aRU 200 1# _aОсобенности выявления и раскрытия преступлений, совершаемых с использованием информационно-телекоммуникационных технологий _eЖурнальная статья 210 1# _aМосква _cМосковский университет МВД России имени В.Я. Кикотя _d2026 215 ## _a7 с. 608 ## _aЖурнальная статья _2local 675 ## _aОбщие теории преступления и преступности. 343.9.01 _z 700 #1 _aБогданов _gАнатолий Васильевич 700 #1 _aВолосевич _gИгорь Николаевич 700 #1 _aХазов _gЕвгений Николаевич 856 4# _amosumvd.editorum.ru _u